Hospodárske výsledky vybraného odvetvia na Slovensku

Výsledky hospodárenia samostatne hospodáriacich roľníkov (2008-2009). Produkcia z poľnohospodárskej výroby podľa výrobných oblastí. Porovnanie päť výrobných oblastí: kukuričnej, zemiakárskej, repárskej, zemiakársko-ovsenej a horskej. Výsledok hospodárenia podľa výrobných oblastí.

Guardado en:
Detalles Bibliográficos
Autor principal: Šúbertová, Elena
Formato: Capítulo de libro
Lenguaje:eslovaco
Materias:
Etiquetas: Agregar Etiqueta
Sin Etiquetas, Sea el primero en etiquetar este registro!

MARC

LEADER 00000nla$a2200000$$$4500
001 0143359
005 20240502072554.7
041 0 |a slo 
044 |a SK 
245 1 0 |a Hospodárske výsledky vybraného odvetvia na Slovensku  |c Elena Šúbertová 
520 |a Výsledky hospodárenia samostatne hospodáriacich roľníkov (2008-2009). Produkcia z poľnohospodárskej výroby podľa výrobných oblastí. Porovnanie päť výrobných oblastí: kukuričnej, zemiakárskej, repárskej, zemiakársko-ovsenej a horskej. Výsledok hospodárenia podľa výrobných oblastí. 
610 2 0 |a poľnohospodárstvo 
610 2 0 |a výroba poľnohospodárska 
610 2 0 |a produkcia 
610 2 0 |a výsledok hospodársky 
610 2 0 |a výnosy 
610 2 0 |a roľníci jednotlivo hospodáriaci 
610 2 0 |a Slovensko 
100 1 |a Šúbertová, Elena